Magna newsletter (Record no. 30487)

MARC details
000 -LEADER
fixed length control field 00555nam a22001697a 4500
005 - DATE AND TIME OF LATEST TRANSACTION
control field 20090918151516.0
008 - FIXED-LENGTH DATA ELEMENTS--GENERAL INFORMATION
fixed length control field 090304t xxu||||| |||| 00| 0 eng d
037 ## - SOURCE OF ACQUISITION
Source of stock number/acquisition DPL /Pub
245 ## - TITLE STATEMENT
Title Magna newsletter
246 ## - VARYING FORM OF TITLE
Title proper/short title वन्यजाति
260 ## - PUBLICATION, DISTRIBUTION, ETC. (IMPRINT)
Place of publication, distribution, etc Mumbai
Name of publisher, distributor, etc Magna Publishing House
Date of publication, distribution, etc 2009-
300 ## - PHYSICAL DESCRIPTION
Extent v.
Dimensions 26 cm
310 ## - CURRENT PUBLICATION FREQUENCY
Current publication frequency monthly
270 ## - ADDRESS
City Mumbai
Postal code 400025
Address 100/E, Old Prabhadevi Road, Prabhadevi
Electronic mail address magnapub@vsnl.com
942 ## - ADDED ENTRY ELEMENTS (KOHA)
Source of classification or shelving scheme Dewey Decimal Classification
Item type Periodicals
Serial record 1
Holdings
Withdrawn status Lost status Source of classification or shelving scheme Damaged status Not for loan Collection code Home library Current library Date acquired Total Checkouts Date last seen Price effective from Koha item type
    Dewey Decimal Classification   Not For Loan Non-fiction D.B.Act.Division D.B.Act.Division 18/09/2009   18/09/2009 18/09/2009 Periodicals

© Delhi Public Library
Hit Counter
free hit counter